000 00315nam a2200133Ia 4500
008 191201s2009 xx 000 0 und d
082 _a621.381548
_bDOM
100 _aDOEBELIN, Ernest O
245 0 _aMeasurement Systems
260 _aN.Delhi
_bTMH
_c2009
300 _a701
650 _aB.Tech(TE)
942 _2ddc
_cBK
999 _c3406
_d3406